[Event "2 night II 1600-2000 (30+1)"]
[Site "SchemingMind.com"]
[Date "2009.11.23"]
[Round "-"]
[White "XTC"]
[Black "David Hartley"]
[Result "1-0"]
[WhiteCountry "COL"]
[BlackCountry "ENG"]
[WhiteElo "1818"]
[WhiteRD "48"]
[BlackElo "1840"]
[BlackRD "65"]
[GameID "227141"]

1. e4 e5 2. Nf3 Nc6 3. Bc4 Nf6 4. Ng5 d5 5. exd5 b5 6. Bf1 Nd4 7. c3 Nxd5 8. Ne4 Qh4 9. Ng3 Nc6 10. Bxb5 Bd7
11. Qf3 a6 12. Bc4 Qxc4 13. Na3 Qc5 14. b4 Qd6 15. Nc4 Qe6 16. O-O Nb6 17. Nxb6 cxb6 18. Re1 Qf6 19. Qe3 b5 20. d4 Bd6
21. dxe5 Nxe5 22. f4 O-O 23. fxe5 Bxe5 24. Qxe5 Rae8 25. Qxf6 Rxe1+ 26. Qf1 Rfe8 27. Bf4 Rxf1+ 28. Rxf1 h6 29. Rd1 Be6 30. a3 Bc4
31. Kf2 g5 32. Be3 Kh7 33. Rd6 Re6 34. Rxe6 Bxe6 35. Ne4 Bc8 36. Nd6 Be6 37. Nb7 Bc8 38. Nc5 f5 39. g3 g4 40. a4 bxa4
41. Nxa4 Kg6 42. c4 Kf6 43. Bxh6 Ke5 44. Be3 Ke4 45. Ke2 Be6 46. c5 Bc4+ 47. Kf2 Bb5 48. Nc3+
1-0

[Event "2 night II 1600-2000 (30+1)"]
[Site "SchemingMind.com"]
[Date "2009.11.23"]
[Round "-"]
[White "J Mo"]
[Black "David Hartley"]
[Result "1-0"]
[WhiteCountry "ENG"]
[BlackCountry "ENG"]
[WhiteElo "1909"]
[WhiteRD "95"]
[BlackElo "1845"]
[BlackRD "65"]
[GameID "227142"]

1. e4 e5 2. Nf3 Nc6 3. Bc4 Nf6 4. Ng5 d5 5. exd5 b5 6. Bf1 Nd4 7. c3 Nxd5 8. Ne4 Qh4 9. Ng3 Ne6 10. Bxb5+ Bd7
11. Bxd7+ Kxd7 12. d3 Qf6 13. O-O Bd6 14. Be3 Rhd8 15. Nd2 Ke8 16. Qa4+ Kf8 17. Nde4 Qe7 18. Nxd6 cxd6 19. Nf5 Qb7 20. Rab1 a6
21. Qg4 Qd7 22. c4 Nxe3 23. fxe3 f6 24. Rf3 Kg8 25. Rbf1 Kh8 26. Rh3 Ng5 27. Rg3 g6 28. Nh6 Qxg4 29. Rxg4 Kg7 30. h4 Ne6
31. Nf5+ Kh8 32. Ne7 Kg7 33. Nd5 h5 34. Rg3 Rf8 35. Ne7 Kf7 36. Nd5 Kg7 37. Rgf3 f5 38. g3 Rf7 39. b4 Raf8 40. a4 Rb7
41. Kh2 Nc7 42. Nxc7 Rxc7 43. e4 Rcf7 44. b5 axb5 45. cxb5 Ra8 46. exf5 Rxf5 47. Rxf5 gxf5 48. Ra1 e4 49. dxe4 fxe4 50. a5
1-0

[Event "2 night II 1600-2000 (30+1)"]
[Site "SchemingMind.com"]
[Date "2009.11.23"]
[Round "-"]
[White "echecs"]
[Black "David Hartley"]
[Result "1/2-1/2"]
[WhiteCountry "ENG"]
[BlackCountry "ENG"]
[WhiteElo "1745"]
[WhiteRD "64"]
[BlackElo "1840"]
[BlackRD "65"]
[GameID "227143"]

1. e4 e5 2. Nf3 Nc6 3. Bc4 Nf6 4. Ng5 d5 5. exd5 b5 6. Bf1 Nd4 7. c3 Nxd5 8. Ne4 Qh4 9. Ng3 Ne6 10. Bxb5+ Bd7
11. Bxd7+ Kxd7 12. Qf3 Nef4 13. d4 Re8 14. O-O e4 15. Qd1 Bd6 16. c4 Nf6 17. f3 exf3 18. Rxf3 Ne2+ 19. Nxe2 Qxh2+ 20. Kf2 Ng4+
21. Kf1 Qh1+ 22. Ng1 Bh2 23. Rxf7+ Ke6 24. Qxg4+ Kxf7=
1/2-1/2

[Event "2 night II 1600-2000 (30+1)"]
[Site "SchemingMind.com"]
[Date "2009.11.23"]
[Round "-"]
[White "jonjenson"]
[Black "David Hartley"]
[Result "1-0"]
[WhiteCountry "ENG"]
[BlackCountry "ENG"]
[WhiteElo "1833"]
[WhiteRD "61"]
[BlackElo "1842"]
[BlackRD "66"]
[GameID "227144"]

1. e4 e5 2. Nf3 Nc6 3. Bc4 Nf6 4. Ng5 d5 5. exd5 b5 6. Bf1 Ne7 7. Bxb5+ Bd7 8. Bc4 Nf5 9. Nc3 Nd6 10. Qe2 Nxc4
11. Qxc4 Bd6 12. Nce4 Bf5 13. Qc6+ Bd7 14. Nxd6+ cxd6 15. Qxd6 Ng4 16. Nf3 f6 17. O-O Nh6 18. Re1 Nf7 19. Qa3 Bf5 20. Nd4 Bc8
21. Ne6 Bxe6 22. dxe6 Ng5 23. Qa4+ Ke7 24. Qd7+ Qxd7 25. exd7 Rhd8 26. d4 Nf7 27. f4 Rxd7 28. dxe5 fxe5 29. fxe5 Ke6 30. Bf4 Rad8
31. Re2 Rd5 32. Kf2 Rd2 33. Rxd2
1-0

[Event "2 night II 1600-2000 (30+1)"]
[Site "SchemingMind.com"]
[Date "2009.11.23"]
[Round "-"]
[White "chesspool"]
[Black "David Hartley"]
[Result "1-0"]
[WhiteCountry "USA"]
[BlackCountry "ENG"]
[WhiteElo "1890"]
[WhiteRD "97"]
[BlackElo "1840"]
[BlackRD "65"]
[GameID "227145"]

1. e4 e5 2. Nf3 Nc6 3. Bc4 Nf6 4. Ng5 d5 5. exd5 b5 6. Bxb5 Qxd5 7. Nc3 Qxg2 8. Qf3 Qxf3 9. Nxf3 Bd7 10. O-O Bd6
11. Re1 O-O 12. Bxc6 Bxc6 13. Nxe5 Rfe8 14. d4 Re7 15. Bd2 Bb7 16. Nc4 Rae8 17. Nxd6 cxd6 18. Rxe7 Rxe7 19. Bg5 Re6 20. Bxf6 Rxf6
21. Nb5 Rg6+ 22. Kf1 a6 23. Nc7 Kf8 24. Re1 Bg2+ 25. Ke2 d5 26. Kd2 Be4 27. f3 Rg2+ 28. Re2 Bxf3 29. Rxg2 Bxg2 30. Nxa6 f5
31. Nc5 Ke7 32. a4 Kd6 33. b4 Kc6 34. Ne6 g6 35. Ng5 h5 36. Nf7 Kb6 37. a5+ Ka6 38. c3 Bf1 39. Ne5 g5 40. Ke1 Bg2
41. Kf2 Be4 42. Nf3 g4 43. Ng1 Bd3 44. Ne2 h4 45. h3 g3+ 46. Nxg3 hxg3+ 47. Kxg3 f4+ 48. Kxf4 Kb5 49. Ke5 Be4 50. h4 Kc6
51. h5
1-0

[Event "2 night II 1600-2000 (30+1)"]
[Site "SchemingMind.com"]
[Date "2009.11.23"]
[Round "-"]
[White "Nogiggling"]
[Black "David Hartley"]
[Result "0-1"]
[WhiteCountry "JAM"]
[BlackCountry "ENG"]
[WhiteElo "1518"]
[WhiteRD "97"]
[BlackElo "1840"]
[BlackRD "65"]
[GameID "227146"]

1. e4 e5 2. Nf3 Nc6 3. Bc4 Nf6 4. Ng5 d5 5. exd5 b5 6. Bf1 Nxd5 7. Bxb5 Bd7 8. Bxc6 Bxc6 9. Nf3 Bd6 10. O-O O-O
11. c4 Nf6 12. Nc3 Re8 13. b3 e4 14. Nd4 Bxh2+ 15. Kxh2 Qxd4 16. Ba3 e3 17. f3 Re5 18. Ne2 Qh4+ 19. Kg1 Rd8
0-1